| 000 | 00739nam a2200217 a 4500 | ||
|---|---|---|---|
| 001 | 000005555 | ||
| 005 | 20200929151718.0 | ||
| 008 | 090820s2004 sp a 001 spa d | ||
| 020 | _a8400082583 | ||
| 040 | _aDO-SdBNP | ||
| 082 |
_a634.6 _bM562u |
||
| 100 | 1 |
_aMerino Cristóbal, Laureano _915693 |
|
| 245 | 1 | 0 |
_aUsos tradicionales de los árboles en el occidente de Asturias / _cLaureano Merino Cristóbal. |
| 260 |
_aMadrid, : _bMuseo Nacional de Ciencias Naturales, Consejo Superior de Investigaciones Científicas, _c2004. |
||
| 300 |
_a62 p. +53 laminas : _bil ; _c24 cm. |
||
| 490 | 1 | _aMonografías | |
| 500 | _aIncluye índice | ||
| 650 | 4 |
_aArboles frutales _zAsturias _915694 |
|
| 830 | 0 |
_aMonografías _915334 |
|
| 049 | _aBNPD | ||
| 999 |
_c5354 _d5354 |
||